Statistics for Countries by number of Overseas Territories

Click here to take the quiz!

General Stats

  • This quiz has been taken 36 times
  • The average score is 7 of 8

Answer Stats

First letterCountry# of overseas territories% Correct
FFrance16
100%
AAustralia6
94%
UUnited Kingdom17
94%
DDenmark2
91%
UUnited States14
91%
FFinland1
85%
NNorway3
79%
NNew Zealand3
70%

Score Distribution

Percentile by Number Answered

Percent of People with Each Score

Your Score History

You have not taken this quiz